Apocalypse. (Record no. 67855)
[ view plain ]
| 000 -LEADER | |
|---|---|
| fixed length control field | 00750nam a22002057a 4500 |
| 003 - CONTROL NUMBER IDENTIFIER | |
| control field | SEM |
| 005 - DATE AND TIME OF LATEST TRANSACTION | |
| control field | 20220608074015.0 |
| 008 - FIXED-LENGTH DATA ELEMENTS--GENERAL INFORMATION | |
| fixed length control field | 180115b xxu||||| |||| 00| 0 eng d |
| 040 ## - CATALOGING SOURCE | |
| Original cataloging agency | |
| Transcribing agency | |
| 041 0# - LANGUAGE CODE | |
| Language code of text/sound track or separate title | eng. |
| 082 ## - DEWEY DECIMAL CLASSIFICATION NUMBER | |
| Classification number | 228(084.1)/M-47 |
| 100 1# - MAIN ENTRY--PERSONAL NAME | |
| Personal name | Meer Frederick van der |
| 245 10 - TITLE STATEMENT | |
| Title | Apocalypse. |
| Remainder of title | Visions from the Book of Revelation in Western Art with 228 illustrations, 82 in colour. / |
| Statement of responsibility, etc. | F. van der Meer |
| 250 ## - EDITION STATEMENT | |
| Remainder of edition statement | Rev. IV:I |
| 260 ## - PUBLICATION, DISTRIBUTION, ETC. | |
| Place of publication, distribution, etc. | London: |
| Name of publisher, distributor, etc. | «Thames and Hudson», |
| Date of publication, distribution, etc. | 1978. |
| 300 ## - PHYSICAL DESCRIPTION | |
| Extent | 367 p.; |
| Other physical details | ill.; |
| Dimensions | 33 cm. |
| 504 ## - BIBLIOGRAPHY, ETC. NOTE | |
| Bibliography, etc. note | Glossary p.: 347-352; Checklist of works of art inspired by the Apocalypse p.: 353-363; List of ill. p.: 364-367. |
| 650 ## - SUBJECT ADDED ENTRY--TOPICAL TERM | |
| Topical term or geographic name entry element | Book of Revelation |
| Form subdivision | Illustrations |
| General subdivision | Western art |
| 942 ## - ADDED ENTRY ELEMENTS (KOHA) | |
| Source of classification or shelving scheme | Universal Decimal Classification |
| Koha item type | Գրքեր/Books |
| Withdrawn status | Lost status | Source of classification or shelving scheme | Damaged status | Not for loan | Collection code | Home library | Current library | Date acquired | Cost, normal purchase price | Inventory number | Total Checkouts | Full call number | Barcode | Date last seen | Price effective from | Koha item type | Public note |
|---|---|---|---|---|---|---|---|---|---|---|---|---|---|---|---|---|---|
| Universal Decimal Classification | Գրապահոց | Մայր Աթոռ Սուրբ Էջմիածին «Վաչե և Թամար Մանուկյան» Մատենադարան | Մայր Աթոռ Սուրբ Էջմիածին «Վաչե և Թամար Մանուկյան» Մատենադարան | 15/01/2018 | 23376.00 | E-6456 | 228(084.1)/M-47 | E-6456 | 15/01/2018 | 15/01/2018 | Գրքեր/Books | Սպասարկվում է ընթերցասրահ |